000 00912cam a22002651 4500
001 000019942
005 20200929170212.0
008 730726s1946 nyu b 000 0 eng
010 _a46008112
035 _a(OCoLC)664878
040 _aDO-SdBNP
_cOWilmC
_dOCoLC
_dDLC
042 _apremarc
050 0 0 _aE161
_b.S25
100 1 _aSchlesinger, Arthur M.
_q(Arthur Meier),
_d1888-1965.
_942522
245 1 0 _aLearning how to behave, :
_ba historical study of American etiquette books, /
_cby Arthur M. Schlesinger.
260 _aNew York, :
_bThe Macmillan Company,
_c1946.
300 _aix, 95 p. ;
_c20 cm.
500 _a"First printing."
504 _a"Bibliography and notes": p. 74-90.
651 0 _aUnited States
_xSocial Life And Customs.
_942523
650 0 _aEtiquette
_zUnited States.
_942524
650 0 _aEtiquette
_vBibliography.
_942525
910 _aCatalogación derivada / LC
082 _a917.3
999 _c19455
_d19455